[Event "Medellin Flores op 30th"]
[Site "Medellin"]
[Date "2023.08.04"]
[Round "3"]
[White "Ortiz Monsalve, Sebastian"]
[Black "Ruiz Agudelo, Jeronimo"]
[Result "1-0"]
[WhiteElo "1924"]
[BlackElo "1628"]
[PlyCount "73"]
[EventDate "2023.08.03"]
[EventType "swiss"]
[EventRounds "9"]
[EventCountry "COL"]
[SourceTitle "CBM 215 Extra"]
[Source "ChessBase"]
[SourceDate "2023.09.30"]
[SourceVersion "1"]
[SourceVersionDate "2023.09.30"]
[SourceQuality "1"]

1. e4 c5 2. Nf3 e6 3. d4 cxd4 4. Nxd4 Nc6 5. Nc3 Nf6 6. Ndb5 Bb4 7. Bf4 Nxe4 8. Qf3 d5 9. Nc7+ Kf8 10. Nxa8 e5 11. Bd2 Nd4 12. Qd1 Qh4 13. g3 Qf6 14. Nxe4 Nf3+ 15. Qxf3 Qxf3 16. Bxb4+ Kg8 17. Nd6 Qxh1 18. 0-0-0 Be6 19. Nc7 Qxh2 20. Nxd5 Bxd5 21. Rxd5 Qxf2 22. Rxe5 h5 23. Bd3 g6 24. Bc3 f6 25. Re8+ Kg7 26. Re7+ Kf8 27. Rf7+ Kg8 28. Rxf6 Qg1+ 29. Rf1 Qe3+ 30. Bd2 Qe7 31. Bc4+ Kg7 32. Bc3+ Kh6 33. Nf7+ Kh7 34. Nxh8 Qe3+ 35. Kb1 Qxg3 36. Bd3 Kh6 37. Nxg6 1-0

[Event "Medellin Flores op 30th"]
[Site "Medellin"]
[Date "2023.08.03"]
[Round "1"]
[White "Esmeraldas Huachi, Anderson Yahir"]
[Black "Ortiz Monsalve, Sebastian"]
[Result "1-0"]
[WhiteElo "2141"]
[BlackElo "1924"]
[PlyCount "117"]
[EventDate "2023.08.03"]
[EventType "swiss"]
[EventRounds "9"]
[EventCountry "COL"]
[SourceTitle "CBM 215 Extra"]
[Source "ChessBase"]
[SourceDate "2023.09.30"]
[SourceVersion "1"]
[SourceVersionDate "2023.09.30"]
[SourceQuality "1"]

1. d4 Nf6 2. c4 c5 3. d5 b5 4. cxb5 a6 5. bxa6 g6 6. Nc3 Bg7 7. g3 0-0 8. Bg2 d6 9. Nf3 Nxa6 10. 0-0 Bf5 11. Nh4 Bd7 12. Re1 Qc7 13. Rb1 c4 14. Nf3 Rab8 15. Nd4 Rfc8 16. h3 Nc5 17. Be3 Qa5 18. Nc6 Bxc6 19. dxc6 Ne6 20. Bd4 Nc7 21. e4 e5 22. Be3 Nce8 23. Nd5 Kf8 24. c7 Rb7 25. b4 cxb3 26. Nxf6 Bxf6 27. axb3 Qxc7 28. b4 Rcb8 29. Qd2 Qd7 30. Red1 Bd8 31. Rb2 Bb6 32. Bxb6 Rxb6 33. Bf1 Nc7 34. Rdb1 Ne6 35. Bc4 Nd4 36. Kg2 Kg7 37. Bd5 Qb5 38. Rc1 Nc6 39. Bc4 Qa4 40. Qxd6 Qa3 41. Rcc2 Rd8 42. Qc7 Qa7 43. Qxa7 Nxa7 44. Bxf7 Nb5 45. Bd5 Rdb8 46. Rc5 Kf6 47. Ra2 h6 48. h4 g5 49. hxg5+ hxg5 50. Ra1 Nd4 51. Rh1 Kg6 52. Rc7 Rxb4 53. Rch7 g4 54. R1h6+ Kg5 55. Rh5+ Kg6 56. Bf7+ Kf6 57. R5h6+ Ke7 58. Bd5+ Ke8 59. Rf7 1-0

[Event "Barbera del Valles op 45th"]
[Site "Barbera del Valles"]
[Date "2023.07.12"]
[Round "9"]
[White "Ortiz Monsalve, Sebastian"]
[Black "Perez Bolanos, Joel"]
[Result "0-1"]
[WhiteElo "1873"]
[BlackElo "2055"]
[PlyCount "36"]
[EventDate "2023.07.04"]
[EventType "swiss"]
[EventRounds "9"]
[EventCountry "ESP"]
[SourceTitle "CBM 215 Extra"]
[Source "ChessBase"]
[SourceDate "2023.09.30"]
[SourceVersion "1"]
[SourceVersionDate "2023.09.30"]
[SourceQuality "1"]

1. e4 e5 2. Nf3 Nc6 3. Bb5 f5 4. Nc3 fxe4 5. Nxe4 Nf6 6. d3 d5 7. Nxf6+ gxf6 8. Qe2 Qd6 9. Bd2 Bd7 10. 0-0-0 0-0-0 11. Rhe1 Rg8 12. Nh4 Nd4 13. Bxd7+ Qxd7 14. Qh5 Qa4 15. Kb1 Qxc2+ 16. Ka1 Qxd3 17. Rc1 Qxd2 18. Rcd1 Qa5 0-1

[Event "Barbera del Valles op 45th"]
[Site "Barbera del Valles"]
[Date "2023.07.11"]
[Round "8"]
[White "Sort Sererols, Josep"]
[Black "Ortiz Monsalve, Sebastian"]
[Result "1-0"]
[WhiteElo "2051"]
[BlackElo "1873"]
[PlyCount "65"]
[EventDate "2023.07.04"]
[EventType "swiss"]
[EventRounds "9"]
[EventCountry "ESP"]
[SourceTitle "CBM 215 Extra"]
[Source "ChessBase"]
[SourceDate "2023.09.30"]
[SourceVersion "1"]
[SourceVersionDate "2023.09.30"]
[SourceQuality "1"]

1. e4 e6 2. d3 d5 3. Qe2 Be7 4. Nf3 Nf6 5. g3 b6 6. e5 Nfd7 7. Bg2 c5 8. 0-0 Qc7 9. c4 Bb7 10. Nc3 d4 11. Nb5 Qc8 12. Bg5 Bf8 13. h4 a6 14. Na3 Nc6 15. h5 Qc7 16. Rfe1 Be7 17. Bf4 h6 18. Nc2 0-0-0 19. b4 g5 20. hxg6 fxg6 21. b5 axb5 22. cxb5 Na5 23. Bd2 Bd5 24. Bxa5 bxa5 25. Rac1 Qb7 26. Ncxd4 Bg5 27. Rc2 Rdf8 28. Nc6 Bd8 29. d4 Qb6 30. dxc5 Qc7 31. Nxd8 Qxd8 32. Nd4 Bxg2 33. Nxe6 1-0

[Event "Barbera del Valles op 45th"]
[Site "Barbera del Valles"]
[Date "2023.07.06"]
[Round "3"]
[White "Ortiz Monsalve, Sebastian"]
[Black "Fernandez Climent, Albert"]
[Result "1-0"]
[WhiteElo "1873"]
[BlackElo "2079"]
[PlyCount "71"]
[EventDate "2023.07.04"]
[EventType "swiss"]
[EventRounds "9"]
[EventCountry "ESP"]
[SourceTitle "CBM 215 Extra"]
[Source "ChessBase"]
[SourceDate "2023.09.30"]
[SourceVersion "1"]
[SourceVersionDate "2023.09.30"]
[SourceQuality "1"]

1. e4 c5 2. Nf3 e6 3. d4 cxd4 4. Nxd4 Nf6 5. Nc3 Nc6 6. Ndb5 Bb4 7. Bf4 e5 8. Bg5 0-0 9. a3 Bxc3+ 10. Nxc3 h6 11. Be3 d6 12. Bc4 Be6 13. Qd3 Bxc4 14. Qxc4 a6 15. 0-0-0 Ng4 16. Nd5 Nxe3 17. Nxe3 Rc8 18. Kb1 Nd4 19. Qd3 Qb6 20. Nd5 Qd8 21. c3 Nb3 22. h4 Nc5 23. Qc2 Rc6 24. g4 Qd7 25. Rdg1 Ne6 26. g5 h5 27. g6 fxg6 28. Rxg6 Nf4 29. Nxf4 Rxf4 30. Rhg1 Rxh4 31. Qb3+ d5 32. Rxg7+ Qxg7 33. Rxg7+ Kxg7 34. Qxb7+ Kf8 35. Qxc6 dxe4 36. Qf6+ 1-0

[Event "Barbera del Valles op 45th"]
[Site "Barbera del Valles"]
[Date "2023.07.05"]
[Round "2"]
[White "Cuartas, Jaime Alexander"]
[Black "Ortiz Monsalve, Sebastian"]
[Result "1-0"]
[WhiteElo "2526"]
[BlackElo "1873"]
[PlyCount "129"]
[EventDate "2023.07.04"]
[EventType "swiss"]
[EventRounds "9"]
[EventCountry "ESP"]
[SourceTitle "CBM 215 Extra"]
[Source "ChessBase"]
[SourceDate "2023.09.30"]
[SourceVersion "1"]
[SourceVersionDate "2023.09.30"]
[SourceQuality "1"]

1. d4 Nf6 2. Nf3 c5 3. c3 cxd4 4. cxd4 g6 5. Nc3 d5 6. Bf4 a6 7. e3 Nc6 8. Bd3 Bg7 9. h3 0-0 10. 0-0 Re8 11. Rc1 Bd7 12. a3 b5 13. Ne5 Na5 14. Qf3 Be6 15. Rc2 Rc8 16. Qe2 Nc4 17. Rfc1 Qa5 18. Nb1 Qb6 19. b3 Na5 20. Rxc8 Rxc8 21. Rxc8+ Bxc8 22. Qc2 Bb7 23. Nxg6 hxg6 24. Bc7 Qe6 25. Bxa5 Ne4 26. Qc7 Bc8 27. Nd2 Ng5 28. h4 Ne4 29. Nxe4 dxe4 30. Bxe4 Qxe4 31. Qxc8+ Kh7 32. Qc1 Qxh4 33. Qc6 Qg4 34. Qc2 Bf6 35. Bb6 Qe6 36. Bc5 Qc6 37. f3 Bg5 38. Qd3 Qe6 39. Kf2 Bh4+ 40. g3 Bg5 41. g4 Bh6 42. Bb4 Qf6 43. Kg2 Qg5 44. d5 f5 45. Qd4 Bg7 46. Qf4 Qf6 47. gxf5 gxf5 48. e4 Qb2+ 49. Kh3 Bf6 50. Qxf5+ Kg7 51. Qg4+ Kh7 52. d6 Qc1 53. Qg3 Qh1+ 54. Kg4 Kg6 55. Kf4+ Kf7 56. Ke3 Qc1+ 57. Ke2 exd6 58. Qxd6 Qc2+ 59. Qd2 Qxb3 60. Qd5+ Qxd5 61. exd5 Be5 62. Kd3 Kf6 63. Ke4 Bb2 64. Bc5 a5 65. Bd4+ 1-0

[Event "Medellin Easter op 11th"]
[Site "Medellin"]
[Date "2023.04.09"]
[Round "7"]
[White "Ortiz Monsalve, Sebastian"]
[Black "Ospina Castro, Santiago"]
[Result "0-1"]
[WhiteElo "1768"]
[BlackElo "2003"]
[PlyCount "62"]
[EventDate "2023.04.05"]
[EventType "swiss"]
[EventRounds "7"]
[EventCountry "COL"]
[SourceTitle "CBM 213 Extra"]
[Source "ChessBase"]
[SourceDate "2023.05.31"]
[SourceVersion "1"]
[SourceVersionDate "2023.05.31"]
[SourceQuality "1"]

1. e4 c5 2. Nf3 d6 3. d4 cxd4 4. Nxd4 Nf6 5. Nc3 Nc6 6. f3 e5 7. Nb3 Be6 8. Be3 d5 9. exd5 Nxd5 10. Nxd5 Qxd5 11. Qxd5 Bxd5 12. 0-0-0 0-0-0 13. Bd3 Be7 14. c3 g6 15. Kc2 f5 16. Rhe1 Bf6 17. Bf2 Rhe8 18. Nd2 Bg8 19. Bc4 Rxd2+ 20. Rxd2 Bxc4 21. Red1 e4 22. Re1 Bd3+ 23. Kb3 Rd8 24. fxe4 fxe4 25. Be3 Na5+ 26. Ka4 Nc4 27. Rf2 b5+ 28. Kb3 Be7 29. a4 bxa4+ 30. Kxa4 Nxe3 31. Rxe3 Bc5 0-1

[Event "Medellin Easter op 11th"]
[Site "Medellin"]
[Date "2023.04.06"]
[Round "3"]
[White "Aristizabal Soto, Diego Fernando"]
[Black "Ortiz Monsalve, Sebastian"]
[Result "0-1"]
[WhiteElo "1454"]
[BlackElo "1768"]
[PlyCount "80"]
[EventDate "2023.04.05"]
[EventType "swiss"]
[EventRounds "7"]
[EventCountry "COL"]
[SourceTitle "CBM 213 Extra"]
[Source "ChessBase"]
[SourceDate "2023.05.31"]
[SourceVersion "1"]
[SourceVersionDate "2023.05.31"]
[SourceQuality "1"]

1. e4 e6 2. d4 d5 3. Nc3 Nf6 4. Bg5 Bb4 5. e5 h6 6. Bd2 Bxc3 7. bxc3 Ne4 8. Qg4 Kf8 9. Bd3 Nxd2 10. Kxd2 c5 11. Nf3 b6 12. h4 Ba6 13. Rh3 Bxd3 14. cxd3 Nc6 15. h5 cxd4 16. Nxd4 Nxe5 17. Qf4 Qf6 18. Qxf6 gxf6 19. Nb5 a6 20. Nd4 Rg8 21. g3 Ke7 22. Rb1 Nd7 23. Rhh1 Kd6 24. Rhg1 Rg5 25. g4 Rag8 26. f3 f5 27. Rgf1 fxg4 28. fxg4 R8g7 29. Rb3 Rxg4 30. Ra3 Nc5 31. Nb3 Nxb3+ 32. Rxb3 Kc6 33. Rfb1 b5 34. d4 Rg1 35. Ke3 Rxb1 36. Rxb1 Rg3+ 37. Kf4 Rh3 38. Kg4 Rxc3 39. Rf1 f5+ 40. Kf4 Kd6 0-1

[Event "Sabaneta op-B 1st"]
[Site "Sabaneta"]
[Date "2022.11.26"]
[Round "2"]
[White "Montoya Perez, Juan Rafael"]
[Black "Ortiz Monsalve, Sebastian"]
[Result "1-0"]
[WhiteElo "1895"]
[BlackElo "1709"]
[PlyCount "30"]
[EventDate "2022.11.25"]
[EventType "swiss"]
[EventRounds "8"]
[EventCountry "COL"]
[SourceTitle "CBM 211 Extra"]
[Source "ChessBase"]
[SourceDate "2023.01.31"]
[SourceVersion "1"]
[SourceVersionDate "2023.01.31"]
[SourceQuality "1"]

1. d4 Nf6 2. Bg5 e6 3. e4 d5 4. e5 h6 5. Be3 Ne4 6. Bd3 b6 7. f3 Ng5 8. c3 Be7 9. Qc2 c5 10. h4 c4 11. Bg6 fxg6 12. hxg5 Kf7 13. gxh6 Bh4+ 14. g3 Bxg3+ 15. Kf1 gxh6 1-0

[Event "Medellin Raza Cup"]
[Site "Medellin"]
[Date "2022.10.22"]
[Round "8"]
[White "Ortiz Monsalve, Sebastian"]
[Black "Castaneda, Juan Esteban"]
[Result "0-1"]
[WhiteElo "1723"]
[BlackElo "1814"]
[PlyCount "84"]
[EventDate "2022.10.19"]
[EventType "swiss"]
[EventRounds "10"]
[EventCountry "COL"]
[SourceTitle "EXT 2024"]
[Source "ChessBase"]
[SourceDate "2023.10.10"]
[SourceVersion "1"]
[SourceVersionDate "2023.10.10"]
[SourceQuality "1"]

1. e4 c5 2. Nf3 d6 3. d4 cxd4 4. Nxd4 Nf6 5. Nc3 a6 6. Be3 e5 7. Nb3 Be6 8. Qd2 Be7 9. h3 Nbd7 10. 0-0-0 Qc7 11. f4 exf4 12. Bxf4 Ne5 13. Nd5 Bxd5 14. exd5 Nfd7 15. g4 0-0 16. Be2 Rac8 17. h4 Nc4 18. Bxc4 Qxc4 19. g5 Ne5 20. Bxe5 dxe5 21. d6 Bxd6 22. h5 e4 23. Kb1 Bb8 24. g6 h6 25. gxf7+ Rxf7 26. Rhg1 Ba7 27. Rg2 e3 28. Qd6 e2 29. Re1 Qxc2+ 30. Ka1 Bf2 31. Rxf2 Rxf2 32. Nc5 Qxc5 33. Qe6+ Kh8 34. a3 Qc4 35. Qg6 Rf1 36. Qg3 Rxe1+ 37. Qxe1 Qc1+ 38. Qxc1 Rxc1+ 39. Ka2 e1Q 40. a4 Qb4 41. b3 Qd2+ 42. Ka3 Ra1# 0-1

[Event "Medellin Raza Cup"]
[Site "Medellin"]
[Date "2022.10.22"]
[Round "7"]
[White "Zapata Cuartas, Juan Carlos"]
[Black "Ortiz Monsalve, Sebastian"]
[Result "1-0"]
[WhiteElo "1994"]
[BlackElo "1723"]
[PlyCount "74"]
[EventDate "2022.10.19"]
[EventType "swiss"]
[EventRounds "10"]
[EventCountry "COL"]
[SourceTitle "EXT 2024"]
[Source "ChessBase"]
[SourceDate "2023.10.10"]
[SourceVersion "1"]
[SourceVersionDate "2023.10.10"]
[SourceQuality "1"]

1. d4 Nf6 2. c4 c5 3. d5 b5 4. cxb5 a6 5. bxa6 g6 6. Nc3 Bg7 7. e4 0-0 8. Nf3 Qa5 9. Nd2 Bxa6 10. Be2 e6 11. 0-0 exd5 12. exd5 d6 13. Nc4 Bxc4 14. Bxc4 Nbd7 15. Bd2 Qb6 16. Qc2 Ne5 17. Be2 Rab8 18. Rab1 Rfe8 19. h3 Qb7 20. f4 Ned7 21. Bf3 Nb6 22. Qb3 Nfd7 23. Rbe1 c4 24. Qb5 Qa7 25. Kh2 Rec8 26. Re7 Bf8 27. Re2 Rc5 28. Qb4 Nxd5 29. Nxd5 Rxb4 30. Bxb4 Rc8 31. Rfe1 Qb8 32. Bc3 Rd8 33. Bg4 f5 34. Bf3 h6 35. Ne7+ Kh7 36. Nc6 Qa8 37. Re7+ Bxe7 1-0

[Event "Medellin Raza Cup"]
[Site "Medellin"]
[Date "2022.10.21"]
[Round "5"]
[White "Molina Ballesteros, Juan Sebastian"]
[Black "Ortiz Monsalve, Sebastian"]
[Result "0-1"]
[WhiteElo "1819"]
[BlackElo "1723"]
[PlyCount "74"]
[EventDate "2022.10.19"]
[EventType "swiss"]
[EventRounds "10"]
[EventCountry "COL"]
[SourceTitle "EXT 2024"]
[Source "ChessBase"]
[SourceDate "2023.10.10"]
[SourceVersion "1"]
[SourceVersionDate "2023.10.10"]
[SourceQuality "1"]

1. e4 e6 2. d4 d5 3. e5 c5 4. c3 Qb6 5. Nf3 Nc6 6. a3 c4 7. Nbd2 Na5 8. g3 Bd7 9. h4 0-0-0 10. Bh3 Be7 11. 0-0 h6 12. Nh2 f6 13. Ndf3 Nb3 14. Rb1 g5 15. h5 f5 16. g4 Rf8 17. Qe2 Bd8 18. Re1 Ne7 19. Nf1 Be8 20. Ne3 Rhg8 21. Qc2 Bxh5 22. gxh5 g4 23. Bxg4 fxg4 24. Nh4 g3 25. f3 Nxc1 26. Rbxc1 Rg5 27. Neg2 Rxh5 28. f4 Nf5 29. Nf3 Qc7 30. b3 Qg7 31. bxc4 Qg4 32. Qe2 Qh3 33. Kf1 Qh1+ 34. Ng1 Nh4 35. cxd5 Nxg2 36. Qc4+ Kb8 37. Re4 Nxf4 0-1

[Event "Medellin Raza Cup"]
[Site "Medellin"]
[Date "2022.10.19"]
[Round "1"]
[White "Carrasco Jacome, Bryan Ricardo"]
[Black "Ortiz Monsalve, Sebastian"]
[Result "1/2-1/2"]
[WhiteElo "2118"]
[BlackElo "1723"]
[PlyCount "84"]
[EventDate "2022.10.19"]
[EventType "swiss"]
[EventRounds "10"]
[EventCountry "COL"]
[SourceTitle "EXT 2024"]
[Source "ChessBase"]
[SourceDate "2023.10.10"]
[SourceVersion "1"]
[SourceVersionDate "2023.10.10"]
[SourceQuality "1"]

1. f4 Nf6 2. Nf3 g6 3. b3 Bg7 4. Bb2 d5 5. e3 0-0 6. h3 c5 7. g4 Nc6 8. Bb5 Re8 9. 0-0 h5 10. Bxc6 bxc6 11. g5 Ne4 12. Bxg7 Kxg7 13. d3 Ng3 14. Rf2 Qd7 15. Rh2 e5 16. fxe5 Qf5 17. Kg2 h4 18. Nbd2 Rh8 19. Qc1 Rh5 20. Qe1 Be6 21. Qf2 Rah8 22. Re1 c4 23. e4 dxe4 24. dxe4 Qf4 25. Qe3 Qxe3 26. Rxe3 cxb3 27. axb3 Rd8 28. Kg1 Rhh8 29. Rd3 Nh5 30. Kf2 Nf4 31. Rxd8 Rxd8 32. Ke3 Nxh3 33. Nd4 Nxg5 34. Nxc6 Rc8 35. Nd4 Rc3+ 36. Kf2 Nh3+ 37. Kf1 g5 38. N2f3 Bg4 39. Ke1 Re3+ 40. Kd2 Rxe4 41. Kd3 Rf4 42. Ke3 Kg6 1/2-1/2

[Event "Medellin Feria de las Flores op"]
[Site "Medellin"]
[Date "2022.08.05"]
[Round "5"]
[White "Ortiz Monsalve, Sebastian"]
[Black "Cano, Luis Fernando"]
[Result "1-0"]
[WhiteElo "1627"]
[BlackElo "2013"]
[PlyCount "65"]
[EventDate "2022.08.03"]
[EventType "swiss"]
[EventRounds "9"]
[EventCountry "COL"]
[SourceTitle "CBM 209 Extra"]
[Source "ChessBase"]
[SourceDate "2022.09.30"]
[SourceVersion "1"]
[SourceVersionDate "2022.09.30"]
[SourceQuality "1"]

1. e4 c5 2. Nf3 e6 3. d4 cxd4 4. Nxd4 a6 5. Nc3 d6 6. Be3 Nf6 7. f3 Be7 8. g4 Nc6 9. h4 0-0 10. Qd2 Nxd4 11. Bxd4 b5 12. 0-0-0 Bb7 13. Be2 b4 14. Na4 Nd7 15. b3 Bc6 16. Nb2 a5 17. Kb1 Qb8 18. g5 a4 19. Rdg1 axb3 20. cxb3 Nc5 21. Nd3 e5 22. Be3 Bxe4 23. Bxc5 Bxd3+ 24. Bxd3 dxc5 25. h5 Qd6 26. Qc2 Rfd8 27. Bxh7+ Kh8 28. Be4 Rac8 29. g6 Qd2 30. h6 Qxc2+ 31. Kxc2 Rd6 32. hxg7+ Kxg7 33. Rh7+ 1-0

[Event "Medellin Aristizabal Cup"]
[Site "Medellin"]
[Date "2022.07.10"]
[Round "4"]
[White "Alzate Henao, Carolina"]
[Black "Ortiz Monsalve, Sebastian"]
[Result "0-1"]
[WhiteElo "1042"]
[BlackElo "1563"]
[PlyCount "46"]
[EventDate "2022.07.08"]
[EventType "swiss"]
[EventRounds "7"]
[EventCountry "COL"]
[SourceTitle "CBM 209 Extra"]
[Source "ChessBase"]
[SourceDate "2022.09.30"]
[SourceVersion "1"]
[SourceVersionDate "2022.09.30"]
[SourceQuality "1"]

1. e4 e6 2. d4 d5 3. exd5 exd5 4. Bd3 c5 5. c3 Nc6 6. Nf3 Bd6 7. Be3 c4 8. Bc2 Nf6 9. 0-0 Bg4 10. Nbd2 0-0 11. h3 Bh5 12. b3 b5 13. b4 a5 14. a3 Re8 15. Re1 Ne4 16. Qb1 f5 17. Bxe4 dxe4 18. Bg5 Qc7 19. d5 Ne5 20. Nxe5 Bxe5 21. Qc2 Qd7 22. g4 fxg4 23. Rxe4 Bg6 0-1

[Event "COL-ch U20"]
[Site "Barranquilla"]
[Date "2022.07.10"]
[Round "9"]
[White "Ortiz Monsalve, Sebastian"]
[Black "De la Hoz Paternina, Felix Daniel"]
[Result "0-1"]
[WhiteElo "1563"]
[BlackElo "1362"]
[PlyCount "80"]
[EventDate "2022.07.06"]
[EventType "swiss"]
[EventRounds "9"]
[EventCountry "COL"]
[SourceTitle "EXT 2023"]
[Source "ChessBase"]
[SourceDate "2022.10.05"]
[SourceVersion "1"]
[SourceVersionDate "2022.10.05"]
[SourceQuality "1"]

1. e4 c6 2. d4 d5 3. e5 f6 4. Bd3 g6 5. f4 Bg7 6. Nf3 Bg4 7. 0-0 Nd7 8. c4 e6 9. Nc3 Ne7 10. h3 Bxf3 11. Qxf3 0-0 12. g4 fxe5 13. dxe5 Nxe5 14. Qe3 d4 15. Qe2 Nxd3 16. Qxe6+ Kh8 17. Ne4 Nc8 18. Ng5 Qe8 19. f5 Qxe6 20. Nxe6 Rf7 21. Bg5 gxf5 22. Nd8 Rd7 23. gxf5 Nb6 24. f6 Bf8 25. Ne6 Nc5 26. Nf4 d3 27. Nh5 Ne4 28. Bh4 Bc5+ 29. Kh1 d2 30. Rad1 Nxc4 31. f7 Ne3 32. Nf6 Nxf1 33. Nxd7 Bf8 34. Nxf8 Rxf8 35. Rxf1 Rxf7 36. Rd1 Rf4 37. Bg5 Rf1+ 38. Rxf1 Ng3+ 39. Kg2 Nxf1 40. Bxd2 Nxd2 0-1

[Event "COL-ch U20"]
[Site "Barranquilla"]
[Date "2022.07.10"]
[Round "8"]
[White "Sanchez Arroyave, Juan Pablo"]
[Black "Ortiz Monsalve, Sebastian"]
[Result "1-0"]
[WhiteElo "2079"]
[BlackElo "1563"]
[PlyCount "69"]
[EventDate "2022.07.06"]
[EventType "swiss"]
[EventRounds "9"]
[EventCountry "COL"]
[SourceTitle "EXT 2023"]
[Source "ChessBase"]
[SourceDate "2022.10.05"]
[SourceVersion "1"]
[SourceVersionDate "2022.10.05"]
[SourceQuality "1"]

1. Nf3 Nf6 2. g3 g6 3. Bg2 c5 4. 0-0 Bg7 5. c4 Nc6 6. Nc3 e5 7. d3 0-0 8. Ne1 d6 9. Nc2 Be6 10. Bg5 Qd7 11. Re1 Ne8 12. Rb1 h6 13. Bd2 a5 14. a3 a4 15. b3 axb3 16. Rxb3 Na5 17. Rb6 Qd8 18. Qb1 Bxc4 19. Nd5 Bxd5 20. Bxd5 Nc7 21. Bxb7 Nxb7 22. Rxb7 Nd5 23. Qb3 Nf6 24. Rb1 Qc8 25. Kg2 Qc6+ 26. f3 d5 27. Bc3 c4 28. dxc4 d4 29. Bd2 Rfc8 30. c5 Nd5 31. e4 Qxc5 32. Rc1 Nc7 33. Ne3 Qxa3 34. Qxa3 Rxa3 35. Nf1 1-0

[Event "COL-ch U20"]
[Site "Barranquilla"]
[Date "2022.07.09"]
[Round "7"]
[White "Ortiz Monsalve, Sebastian"]
[Black "Padilla, Daniel Eduardo"]
[Result "1/2-1/2"]
[WhiteElo "1563"]
[BlackElo "1708"]
[PlyCount "38"]
[EventDate "2022.07.06"]
[EventType "swiss"]
[EventRounds "9"]
[EventCountry "COL"]
[SourceTitle "EXT 2023"]
[Source "ChessBase"]
[SourceDate "2022.10.05"]
[SourceVersion "1"]
[SourceVersionDate "2022.10.05"]
[SourceQuality "1"]

1. e4 e6 2. d4 d5 3. Nc3 Bb4 4. e5 c5 5. a3 Qa5 6. Bd2 Bxc3 7. bxc3 Ne7 8. Qg4 0-0 9. h4 Qa4 10. Rh3 Nf5 11. Bd3 Nc6 12. Nf3 cxd4 13. Qf4 b5 14. cxd4 Nfxd4 15. Nxd4 Qxd4 16. Qxd4 Nxd4 17. Bc3 Nc6 18. Bxb5 Bd7 19. Bxc6 Bxc6 1/2-1/2

[Event "Medellin Aristizabal Cup"]
[Site "Medellin"]
[Date "2022.07.08"]
[Round "1"]
[White "Ortiz Monsalve, Sebastian"]
[Black "Ospina Castro, Santiago"]
[Result "0-1"]
[WhiteElo "1563"]
[BlackElo "2088"]
[PlyCount "66"]
[EventDate "2022.07.08"]
[EventType "swiss"]
[EventRounds "7"]
[EventCountry "COL"]
[SourceTitle "CBM 209 Extra"]
[Source "ChessBase"]
[SourceDate "2022.09.30"]
[SourceVersion "1"]
[SourceVersionDate "2022.09.30"]
[SourceQuality "1"]

1. e4 c5 2. Nf3 d6 3. d4 cxd4 4. Nxd4 Nf6 5. Nc3 Nc6 6. Ndb5 a6 7. Na3 b5 8. Nd5 Nxe4 9. Qf3 Nc5 10. c4 Bb7 11. cxb5 Nb4 12. Bc4 e6 13. bxa6 Bxd5 14. Bb5+ Nd7 15. Qg4 Nxa6 16. 0-0 Nc7 17. Re1 Nxb5 18. Nxb5 Qa5 19. Nc3 Nf6 20. Qh4 Be7 21. Bd2 0-0 22. b4 Qb6 23. a4 Qb7 24. Qg3 Ne4 25. Nxe4 Bxe4 26. Bh6 Bg6 27. Bd2 Bf6 28. Ra3 Qd5 29. Bf4 Bb2 30. Rb3 e5 31. Rxb2 exf4 32. Qxf4 Rxa4 33. Rd2 Qe5 0-1

[Event "COL-ch U20"]
[Site "Barranquilla"]
[Date "2022.07.07"]
[Round "3"]
[White "Ortiz Monsalve, Sebastian"]
[Black "Rico Duran, Juan Sebastian"]
[Result "0-1"]
[WhiteElo "1563"]
[BlackElo "1828"]
[PlyCount "94"]
[EventDate "2022.07.06"]
[EventType "swiss"]
[EventRounds "9"]
[EventCountry "COL"]
[SourceTitle "EXT 2023"]
[Source "ChessBase"]
[SourceDate "2022.10.05"]
[SourceVersion "1"]
[SourceVersionDate "2022.10.05"]
[SourceQuality "1"]

1. e4 c5 2. Nf3 d6 3. d4 cxd4 4. Nxd4 Nf6 5. Nc3 e6 6. Be3 Be7 7. f3 Nc6 8. Qd2 0-0 9. g4 Nxd4 10. Bxd4 e5 11. Be3 Be6 12. 0-0-0 Qa5 13. Kb1 Rfc8 14. Nd5 Qxd2 15. Nxe7+ Kf8 16. Rxd2 Kxe7 17. Be2 Bc4 18. g5 Ne8 19. Bd1 b5 20. f4 b4 21. Bg4 Be6 22. f5 Bd7 23. Rhd1 Rd8 24. h4 f6 25. Bh5 Bc6 26. Bxe8 Bxe8 27. gxf6+ gxf6 28. Rg2 h5 29. Bd2 Rab8 30. c3 a5 31. Kc2 Bf7 32. b3 bxc3 33. Kxc3 a4 34. b4 Rdc8+ 35. Kb2 a3+ 36. Kb1 Rc4 37. Re2 d5 38. Rde1 Rd8 39. Rc1 dxe4 40. Rg2 Rxc1+ 41. Bxc1 Rd3 42. b5 Kd6 43. Rc2 Bd5 44. b6 e3 45. Rc7 e2 46. Kc2 e1Q 47. Kxd3 Be4+ 0-1

[Event "COL-ch U18"]
[Site "Medellin"]
[Date "2022.06.04"]
[Round "7"]
[White "Montoya Echeverri, Sebastian"]
[Black "Ortiz Monsalve, Sebastian"]
[Result "1-0"]
[WhiteElo "1787"]
[BlackElo "1603"]
[PlyCount "59"]
[EventDate "2022.06.01"]
[EventType "swiss"]
[EventRounds "9"]
[EventCountry "COL"]
[SourceTitle "CBM 208 Extra"]
[Source "ChessBase"]
[SourceDate "2022.07.31"]
[SourceVersion "1"]
[SourceVersionDate "2022.07.31"]
[SourceQuality "1"]

1. e4 e6 2. d4 d5 3. Nc3 Nf6 4. Bg5 Bb4 5. e5 h6 6. Bd2 Bxc3 7. bxc3 Ne4 8. Qg4 Kf8 9. h4 c5 10. Bd3 Nxd2 11. Kxd2 Nc6 12. Rh3 cxd4 13. cxd4 Qa5+ 14. c3 Qa3 15. Rc1 Na5 16. Ne2 Qxa2+ 17. Ke1 Nb3 18. Rd1 Bd7 19. Rg3 Rg8 20. Bh7 Bb5 21. c4 Bxc4 22. Nc3 Qb2 23. Bxg8 Ke7 24. Qxg7 Rf8 25. Qf6+ Kd7 26. Bxf7 Qa3 27. Bxe6+ Kc7 28. Rg7+ Kb6 29. Qe7 Qb2 30. Na4+ 1-0

[Event "COL-ch U18"]
[Site "Medellin"]
[Date "2022.06.03"]
[Round "4"]
[White "Ortiz Monsalve, Sebastian"]
[Black "Hernandez Serrano, Cristhian Daniel"]
[Result "0-1"]
[WhiteElo "1603"]
[BlackElo "1746"]
[PlyCount "90"]
[EventDate "2022.06.01"]
[EventType "swiss"]
[EventRounds "9"]
[EventCountry "COL"]
[SourceTitle "CBM 208 Extra"]
[Source "ChessBase"]
[SourceDate "2022.07.31"]
[SourceVersion "1"]
[SourceVersionDate "2022.07.31"]
[SourceQuality "1"]

1. e4 c5 2. Nf3 Nc6 3. d4 cxd4 4. Nxd4 Qb6 5. Nb3 Nf6 6. Nc3 e6 7. Be3 Qc7 8. a3 a6 9. Be2 Be7 10. 0-0 0-0 11. f4 d6 12. Qe1 b5 13. Qg3 Kh8 14. Rad1 Bb7 15. Bf3 b4 16. axb4 Nxb4 17. Nd4 Rac8 18. Rd2 Nc6 19. Nxc6 Bxc6 20. Bd4 Rg8 21. Re1 Qb7 22. b3 d5 23. exd5 Nxd5 24. Nxd5 Bxd5 25. Bxd5 Qxd5 26. Re5 Qc6 27. Rh5 Qe4 28. Re5 Qg6 29. Qxg6 hxg6 30. Rd3 Rgd8 31. Ra5 Rxc2 32. Kf1 Bf6 33. Ra4 Rdc8 34. Bxf6 gxf6 35. Rxa6 Rb2 36. Rad6 Rc1+ 37. Rd1 Rcc2 38. R6d4 Rf2+ 39. Kg1 Rxg2+ 40. Kf1 Rxh2 41. Kg1 Rh3 42. b4 Rhb3 43. f5 Rxb4 44. Rd8+ Kg7 45. fxe6 fxe6 0-1